000 00781nam a2200205 i 4500
001 180556
003 ES-MaACL
005 20230906221129.0
008 120613s1974 sp |||| | spa d
080 _a624.131(464.1)(043.2)
080 _a55(467.11)
100 1 _aVidal Font, José.
_9150520
245 1 0 _aGeotecnia de la galería de avance del túnel del Turó de la Rubira (Barcelona) /
_cpor José Vidal Font.
260 _aBarcelona :
_bUniversidad de Barcelona, Secretariado de Publicaciones, Intercambio Científico y Estensión Universitaria,
_c1974.
300 _a22 p. :
_bil. ;
_c24 cm.
502 _aTesis-Univ. Barcelona (Extracto)
650 4 _aGeotecnia-
_zBarcelona.
_9150521
710 2 _aUniversidad de Barcelona.
_97141
852 _aES-MaACL
_jE-15362(127)
999 _c180556
_d180556